Sweden : 2008 Article IV Consultation; Staff Report; Staff Statement; Public Information Notice on the Executive Board Discussion; and Statement by the Executive Director for Sweden.

This 2008 Article IV Consultation highlights that Sweden's economy has performed well, but is sensitive to global demand. The activity is now moderating. Exports have benefited from sound competitiveness, but euro area and U.S. slowing is causing them to decelerate. Private consumption growth h...

Ful tanımlama

Detaylı Bibliyografya
Müşterek Yazar: International Monetary Fund
Materyal Türü: Dergi
Dil:English
Baskı/Yayın Bilgisi: Washington, D.C. : International Monetary Fund, 2008.
Seri Bilgileri:IMF Staff Country Reports; Country Report ; No. 2008/278
Online Erişim:Full text available on IMF
LEADER 01710cas a2200241 a 4500
001 AALejournalIMF005307
008 230101c9999 xx r poo 0 0eng d
020 |c 5.00 USD 
020 |z 9781451836028 
022 |a 1934-7685 
040 |a BD-DhAAL  |c BD-DhAAL 
110 2 |a International Monetary Fund. 
245 1 0 |a Sweden :   |b 2008 Article IV Consultation; Staff Report; Staff Statement; Public Information Notice on the Executive Board Discussion; and Statement by the Executive Director for Sweden. 
264 1 |a Washington, D.C. :  |b International Monetary Fund,  |c 2008. 
300 |a 1 online resource (56 pages) 
490 1 |a IMF Staff Country Reports 
500 |a <strong>Off-Campus Access:</strong> No User ID or Password Required 
500 |a <strong>On-Campus Access:</strong> No User ID or Password Required 
506 |a Electronic access restricted to authorized BRAC University faculty, staff and students 
520 3 |a This 2008 Article IV Consultation highlights that Sweden's economy has performed well, but is sensitive to global demand. The activity is now moderating. Exports have benefited from sound competitiveness, but euro area and U.S. slowing is causing them to decelerate. Private consumption growth has been relatively smooth, as employment and wages have picked up, and disposable income further benefited from tax cuts. Employment growth reached 2 percent, and the unemployment rate declined from 8 percent in 2005 to 6 percent in early 2008. 
538 |a Mode of access: Internet 
830 0 |a IMF Staff Country Reports; Country Report ;  |v No. 2008/278 
856 4 0 |z Full text available on IMF  |u http://elibrary.imf.org/view/journals/002/2008/278/002.2008.issue-278-en.xml  |z IMF e-Library